Science Quiz

Random Science or Biology Quiz

Leaping Animals Quiz Stats

 Plays Quiz Updated Jul 10, 2016

Also try: More Glass Animals
Challenge
Share
Tweet
Score 0/28 Timer 09:00
0 Plays Today
% Correct
Domestic Cat
98.9%
Tree Squirrel
98.6%
Great White Shark
96.6%
Jack Russell Terrier
96.1%
Tree Frog
95.5%
Rabbit
95.4%
Fox
95.1%
Crocodile
95.1%
Adélie Penguin
94.8%
Zebra
94.4%
Bottlenose Dolphins
94.2%
Eastern Grey Kangaroos
94%
Mouse
93.9%
Cow
93.8%
% Correct
Bengal Tiger
93.6%
Polar Bear
93.6%
Sheep
93.4%
Humpback Whale
93.3%
Gray Wolf
93%
Nine-banded Armadillo
92.2%
Cheetah
91.8%
Otter
91.3%
Cougar
91.3%
Mountain Goat
91%
Wild Boar
89.5%
Salmon
88.9%
Elk
79.6%
Atlantic Blue Marlin
72.5%

You're not logged in!

Compare scores with friends on all Sporcle quizzes.
OR
Log In

You Might Also Like...

Show Comments

Extras

Top Quizzes Today


Score Distribution

Your Account Isn't Verified!

In order to create a playlist on Sporcle, you need to verify the email address you used during registration. Go to your Sporcle Settings to finish the process.

Report this User

Report this user for behavior that violates our Community Guidelines.

Details: